000 00416 a2200145 4500
005 20250320055036.0
020 _a0-07-144024-0
082 _a519 KEM
100 _aKEMP, S. M.
245 _aBusiness Statistics Demystified: A Self- Teaching Guide
260 _aNew York,
_bMcGraw-Hill,
_c2004.
300 _axv, 380p.: ill.; figure, graph, table.
_bIndex, references.
_c24cm.
700 _aKEMP, S.
942 _2ddc
_cBKS
999 _c1022
_d1022